[Event "Stay Safe Play From Home"]
[Site "T#646156Emanuel Laske"]
[Date "2020.05.18"]
[Round "1"]
[White "Mepe_Nika"]
[Black "Haxhi Baha"]
[Result "0-1"]
[WhiteElo "2327"]
[BlackElo "1928"]
[Annotator "TA"]
[PlyCount "96"]
[EventDate "2020.05.18"]
[EventType "swiss (blitz)"]

{[%evp 9,96,-12,15,16,29,-15,-15,-8,-8,4,22,-20,44,-33,38,0,0,-278,-272,-278,-286,-270,-271,-297,-294,-283,-285,-285,-283,-364,-337,-516,-494,-505,-500,-551,-550,-544,-530,-595,-601,-1677,-1676,-1667,-1575,-6612,-5406,-5722,-5323,-6257,-972,-918,-952,-871,-795,-1318,-1362,-29986,-29987,-29987,-29988,-29989,-29979,-29978,-29979,-29978,-29979,-29979,-29979,-29981,-29980,-29980,-29981,-29981,-29981,-29981,-29982,-29982,-29983,-29983,-29984,-29983,-29983,-29985,-29986,-29986,-29987,-29988,-29989]} 1. e4 e6 2. d4 d5 3. Bd3 dxe4 4. Bxe4 Nf6 5. Bf3 c6 6. Ne2 {C01: French: Exchange Variation.} Nbd7 7. c4 Bd6 8. Nbc3 {The position is equal.} O-O 9. O-O {[#]} a6 $146 ({Predecessor:} 9... e5 10. d5 cxd5 11. cxd5 a6 12. g3 Re8 13. Bg2 b5 14. Bg5 h6 15. Bxf6 Nxf6 {0-1 (47) Kirchner,T (2311)-Buhmann,R (2573) Magdeburg 2019}) 10. Bf4 Qc7 (10... Bxf4 $11 11. Nxf4 e5) 11. Qd2 (11. Bxd6 $14 Qxd6 12. Re1) 11... Re8 (11... Bxf4 $15 12. Qxf4 (12. Nxf4 e5 $11) 12... Qxf4 13. Nxf4 e5 14. dxe5 Nxe5) 12. Rad1 e5 13. Bg3 $2 {[%mdl 8192] White is on the road to losing.} (13. dxe5 $11 {and White stays safe.} Bxe5 14. b3) 13... e4 $19 14. Nxe4 Nxe4 15. Bxe4 Rxe4 16. Rfe1 Bxg3 17. Nxg3 Rxe1+ 18. Rxe1 {Black should prevent Re8+.} Nf6 19. Qg5 {[#] White threatens Nh5! and mate.} h6 20. Qh4 (20. Qe5 $142 Qd8 21. Ne4 Nxe4 22. Qxe4) 20... Be6 21. b3 b5 22. d5 cxd5 23. cxd5 Nxd5 24. Nh5 Qc3 {[%cal Rc3e1] [#]} 25. h3 Qxe1+ 26. Kh2 Qe5+ 27. g3 Nf6 28. Nxf6+ Qxf6 29. Qe4 Qf5 30. Qxa8+ Kh7 {aiming for ...Bd5.} 31. Qg2 Bd5 32. Qf1 Qf3 33. h4 g5 {Black mates.} 34. hxg5 hxg5 35. b4 Qh5+ 36. Qh3 Qxh3+ 37. Kxh3 Bxa2 {[%mdl 4096] Endgame KB-K3P} 38. Kg4 Kg6 39. f4 Be6+ 40. Kf3 g4+ 41. Ke4 f5+ 42. Kd4 Bc4 43. Kc5 Kf6 44. Kb6 Ke6 45. Kc5 Kd7 46. Kd4 Kd6 47. Kc3 Kd5 48. Kd2 Kd4 {Accuracy: White = 28%, Black = 85%.} 0-1

[Event "Stay Safe Play From Home"]
[Site "T#646156Emanuel Laske"]
[Date "2020.05.18"]
[Round "1"]
[White "Lamborghini"]
[Black "Haris kollari 13"]
[Result "1-0"]
[WhiteElo "2306"]
[BlackElo "1697"]
[Annotator "NA RC"]
[PlyCount "59"]
[EventDate "2020.05.18"]
[EventType "swiss (blitz)"]

1. e4 {[%emt 0:00:01]} e6 {[%emt 0:00:00]} 2. d4 {[%emt 0:00:01]} d5 {[%emt 0:00:00]} 3. Nc3 {[%emt 0:00:00]} Nf6 {[%emt 0:00:00]} 4. Bd3 {[%emt 0:00:01]} c5 {[%emt 0:00:02]} 5. exd5 {[%emt 0:00:01]} exd5 {[%emt 0:00:01]} 6. dxc5 {[%emt 0:00:01]} Bxc5 {[%emt 0:00:01]} 7. Nf3 {[%emt 0:00:00]} O-O {[%emt 0:00:01]} 8. O-O {[%emt 0:00:01]} Re8 {[%emt 0:00:00]} 9. Bg5 {[%emt 0:00:01]} Bg4 {[%emt 0:00:01]} 10. h3 {[%emt 0:00:01]} Bh5 {[%emt 0:00:01]} 11. a3 {[%emt 0:00:02]} Be7 {[%emt 0:00:07]} 12. Be2 {[%emt 0:00:01]} Nc6 {[%emt 0:00:02]} 13. Bf4 {[%emt 0:00:01]} Bg6 {[%emt 0:00:03]} 14. Nb5 {[%emt 0:00:01]} Rc8 {[%emt 0:00:03]} 15. Nbd4 {[%emt 0:00:01]} Ne4 {[%emt 0:00:02]} 16. c3 {[%emt 0:00:01]} f6 {[%emt 0:00:05]} 17. Re1 {[%emt 0:00:01]} Bd6 {[%emt 0:00:03]} 18. Bxd6 {[%emt 0:00:02]} Qxd6 {[%emt 0:00:01]} 19. Bb5 {[%emt 0:00:04]} Re7 {[%emt 0:00:07]} 20. Ba4 {[%emt 0:00:01]} Rd8 {[%emt 0:00:07]} 21. Re3 {[%emt 0:00:01]} f5 {[%emt 0:00:03]} 22. Bb3 {[%emt 0:00:00]} f4 {[%emt 0:00:02]} 23. Re1 {[%emt 0:00:01]} Nf6 {[%emt 0:00:02]} 24. Nxc6 {[%emt 0:00:01]} bxc6 {[%emt 0:00:01]} 25. Rxe7 {[%emt 0:00:01]} Qxe7 {[%emt 0:00:01]} 26. Qd4 {[%emt 0:00:01]} Re8 {[%emt 0:00:01]} 27. Re1 {[%emt 0:00:01]} Ne4 {[%emt 0:00:01]} 28. c4 {[%emt 0:00:03]} Qf6 {[%emt 0:00:01]} 29. cxd5 {[%emt 0:00:01]} Qxd4 {[%emt 0:00:01]} 30. Nxd4 {[%emt 0:00:01] Time} 1-0

[Event "Stay Safe Play From Home"]
[Site "T#646156Emanuel Laske"]
[Date "2020.05.18"]
[Round "1"]
[White "SoulofWolf"]
[Black "Greblah"]
[Result "0-1"]
[WhiteElo "2192"]
[BlackElo "1855"]
[Annotator "TA"]
[PlyCount "112"]
[EventDate "2020.05.18"]
[EventType "swiss (blitz)"]

{[%evp 9,111,-17,0,0,8,0,22,2,-7,-4,30,-22,16,-253,-3,-14,73,-61,150,112,197,191,198,101,98,68,73,25,48,49,110,43,148,97,135,47,55,0,58,25,38,0,168,172,304,300,379,162,262,260,336,343,242,209,177,126,254,8,195,86,84,0,0,0,10,8,93,-43,28,-29978,-29979,-29979,-29979,-29978,-29979,-29969,-29969,-29979,-29980,-29983,-29981,-29981,-29981,-29981,-29981,-29991,-29980,-29980,-337,-29983,-29984,-29986,-29987,-29990,-29989,-29990,-29991,-29992,-29992,-29992,-29992,-29998,-29999,-29999]} 1. e4 c6 2. Nc3 d5 3. exd5 cxd5 4. d4 Nc6 5. Nf3 Nf6 6. h3 {B13: Caro-Kann: Exchange Variation and Panov-Botvinnik Attack.} g6 7. Bd3 Bg7 8. Qe2 {The position is equal.} O-O 9. O-O {[#]} Bf5 $146 ({Predecessor:} 9... Nb4 10. Bf4 Nxd3 11. Qxd3 Bf5 12. Qd2 Rc8 13. Ne5 a6 14. g4 Bd7 {0-1 (52) Stadler,P (1290)-Saunders,B (1404) LSS email 2009}) 10. Bg5 (10. Bxf5 $142 gxf5 11. Qb5) 10... Ne4 11. a3 $2 {[%mdl 8192]} (11. Nxe4 $11 dxe4 12. Bxe4 Bxe4 13. Qxe4 Nxd4 14. Rad1 (14. Bxe7 Re8 $11) (14. Qxb7 Rb8 $11) 14... Nxf3+ 15. Qxf3) 11... f6 $2 ({Inferior is} 11... Nxd4 12. Nxd4 Nxg5 13. Nxf5 $11) (11... Nxg5 $19 12. Nxg5 Nxd4) 12. Be3 {Black should prevent Nxd5!} (12. Bh4 {feels hotter.} Nxc3 13. bxc3 e6 14. Rab1 Qd7 15. c4) 12... e5 {[#]} (12... e6 $11) 13. dxe5 ({White must play} 13. Nxd5 $1 $16 {[%mdl 512]} Ng5 (13... Qxd5 14. Bc4) 14. Bc4 Nxf3+ 15. Qxf3) 13... fxe5 $2 (13... Nxc3 $15 {stays ahead.} 14. bxc3 fxe5 15. Bxf5 gxf5) 14. Bxe4 $16 Bxe4 (14... dxe4 $16 15. Rfd1 exf3 16. Qc4+ Kh8 17. Rxd8 Raxd8) 15. Nxe4 $18 dxe4 16. Nd2 (16. Qc4+ $18 Kh8 17. Rad1 (17. Qxe4 Nd4 $16)) 16... Nd4 $16 17. Qc4+ Kh8 18. Rad1 Rc8 19. Qa4 {aiming for c3.} Nxc2 (19... b5 $14 20. Qxa7 Rc7) 20. Qxe4 (20. Nxe4 $16 Nd4 21. Qxa7) 20... Qf6 (20... Nxe3 $14 21. Qxe3 Qd4) 21. Bxa7 (21. Qxb7 $142 Nd4 22. Qxa7) 21... Nd4 {Threatening ...b6.} 22. Nf3 (22. Qxb7 $16 {Strongly threatening b4.} Qd8 23. Bb6) 22... Nxf3+ 23. gxf3 (23. Qxf3 $14 Qxf3 24. gxf3) 23... Qxf3 (23... b5 $11) 24. Qxf3 $14 Rxf3 25. Kg2 Rff8 $2 (25... Rb3 $11 {and Black stays safe.}) 26. Rd7 $18 Rcd8 (26... b5 {is a better defense.}) 27. Rxb7 Rd3 28. f3 (28. Rc1 $142) 28... Rd2+ (28... h6 $142 29. a4 Rf5) 29. Rf2 Rxf2+ 30. Kxf2 {[%mdl 4096] Endgame KRB-KRB} e4 31. f4 Rxf4+ 32. Kg2 ({Better is} 32. Ke2 $18) 32... Rf8 {[#]} (32... Kg8 $16) 33. Re7 $2 (33. a4 $1 $18) 33... e3 $2 (33... Bxb2 $11 {and Black is okay.} 34. a4 Rf5) 34. Bxe3 (34. b4 $18 {and the rest is easy.}) 34... Bxb2 $16 35. Bc5 (35. a4 $16) 35... Rc8 36. Bb4 Ra8 37. Re2 Bxa3 (37... Bf6 $11 {remains equal.}) 38. Bc3+ ({White should try} 38. Ra2 $16) 38... Kg8 $11 39. Re7 $2 {[%mdl 8192]} (39. Ra2 $11) 39... Bxe7 40. Bd4 Ra2+ 41. Kf3 Rd2 42. Be5 Rd5 43. Bf4 {[#]} Rf5 $1 44. Kg3 {[#]} Rxf4 $1 45. Kxf4 {KB-KP} Bd6+ 46. Kg4 Kg7 47. Kh4 Kh6 48. Kg4 g5 $2 (48... Bc7 {mates} 49. Kh4 g5+ 50. Kg4 Kg6 51. Kf3 Kh5 52. Ke4 Kh4 53. Kf5 Bd8 54. Ke6 Kxh3 55. Kf7 g4 56. Ke6 g3 57. Kd6 h5 58. Kd7 g2 59. Kc6 g1=Q 60. Kd5 Qc1 61. Ke4 Qc6+ 62. Ke5 Kg4 63. Kd4 Kf3 64. Kd3 Ba5 65. Kd4 Kf4 66. Kd3 Qe4#) 49. Kf3 $2 (49. h4 $19) 49... Kh5 {Black mates.} 50. Kg2 Kh4 51. Kh1 Kxh3 52. Kg1 g4 53. Kh1 g3 54. Kg1 Be5 55. Kh1 g2+ 56. Kg1 Bd4# {What a fight! Accuracy: White = 25%, Black = 25%.} 0-1

[Event "Stay Safe Play From Home"]
[Site "T#646156Emanuel Laske"]
[Date "2020.05.18"]
[Round "1"]
[White "Don59as"]
[Black "matanant"]
[Result "1-0"]
[WhiteElo "2047"]
[BlackElo "1549"]
[Annotator "NA RC"]
[PlyCount "79"]
[EventDate "2020.05.18"]
[EventType "swiss (blitz)"]

1. c4 {[%emt 0:00:01]} e5 {[%emt 0:00:01]} 2. Nc3 {[%emt 0:00:05]} Nf6 {[%emt 0:00:00]} 3. g3 {[%emt 0:00:01]} Nc6 {[%emt 0:00:01]} 4. Bg2 {[%emt 0:00:01]} Bb4 {[%emt 0:00:01]} 5. Nd5 {[%emt 0:00:01]} Bc5 {[%emt 0:00:01]} 6. e3 {[%emt 0:00:01]} O-O {[%emt 0:00:02]} 7. Ne2 {[%emt 0:00:01]} d6 {[%emt 0:00:01]} 8. O-O {[%emt 0:00:01]} Be6 {[%emt 0:00:02]} 9. Nxf6+ {[%emt 0:00:02]} Qxf6 {[%emt 0:00:02]} 10. d4 {[%emt 0:00:01]} exd4 {[%emt 0:00:02]} 11. Bxc6 {[%emt 0:00:02]} bxc6 {[%emt 0:00:01]} 12. exd4 {[%emt 0:00:01]} Bb6 {[%emt 0:00:02]} 13. Be3 {[%emt 0:00:01]} c5 {[%emt 0:00:05]} 14. dxc5 {[%emt 0:00:06]} Bxc5 {[%emt 0:00:02]} 15. Bxc5 {[%emt 0:00:02]} dxc5 {[%emt 0:00:01]} 16. b3 {[%emt 0:00:01]} Bh3 {[%emt 0:00:02]} 17. Re1 {[%emt 0:00:02]} Rad8 {[%emt 0:00:00]} 18. Qc2 {[%emt 0:00:02]} Rfe8 {[%emt 0:00:00]} 19. Nf4 {[%emt 0:00:02]} Bf5 {[%emt 0:00:02]} 20. Rxe8+ {[%emt 0:00:04]} Rxe8 {[%emt 0:00:03]} 21. Qd2 {[%emt 0:00:01]} Bc8 {[%emt 0:00:05]} 22. Re1 {[%emt 0:00:02]} Rd8 {[%emt 0:00:02]} 23. Qe3 {[%emt 0:00:02]} g6 {[%emt 0:00:04]} 24. Nd5 {[%emt 0:00:01]} Qe6 {[%emt 0:00:05]} 25. Nxc7 {[%emt 0:00:04]} Qxe3 {[%emt 0:00:02]} 26. fxe3 {[%emt 0:00:02]} Rd2 {[%emt 0:00:02]} 27. Nd5 {[%emt 0:00:05]} Bb7 {[%emt 0:00:02]} 28. Ne7+ {[%emt 0:00:02]} Kf8 {[%emt 0:00:02]} 29. Nd5 {[%emt 0:00:01]} Bxd5 {[%emt 0:00:02]} 30. cxd5 {[%emt 0:00:00]} Rxd5 {[%emt 0:00:01]} 31. e4 {[%emt 0:00:00]} Re5 {[%emt 0:00:00]} 32. Rc1 {[%emt 0:00:00]} f5 {[%emt 0:00:00]} 33. Rxc5 {[%emt 0:00:01]} Rxe4 {[%emt 0:00:01]} 34. Kf2 {[%emt 0:00:00]} Re7 {[%emt 0:00:01]} 35. Rc8+ {[%emt 0:00:00]} Kf7 {[%emt 0:00:00]} 36. Kf3 {[%emt 0:00:01]} h5 {[%emt 0:00:00]} 37. Rc4 {[%emt 0:00:00]} g5 {[%emt 0:00:00]} 38. h4 {[%emt 0:00:00]} g4+ {[%emt 0:00:00]} 39. Kf4 {[%emt 0:00:00]} Re2 {[%emt 0:00:01]} 40. Kg5 {[%emt 0:00:00] Time (Lag: Av=0.62s, max=0.9s)} 1-0

[Event "Stay Safe Play From Home"]
[Site "T#646156Emanuel Laske"]
[Date "2020.05.18"]
[Round "1"]
[White "Lucknow"]
[Black "Little champs"]
[Result "0-1"]
[WhiteElo "1837"]
[BlackElo "2168"]
[Annotator "TA"]
[PlyCount "58"]
[EventDate "2020.05.18"]
[EventType "swiss (blitz)"]

{[%evp 13,58,31,37,5,61,61,62,20,76,17,41,32,44,10,114,19,56,6,70,0,0,-33,0,-30,0,-6,4,-78,48,28,83,29,50,30,45,24,38,0,20,0,0,0,0,0,201,0,88]} 1. d4 c6 2. c4 Nf6 3. e3 g6 4. Nf3 Bg7 5. Bd3 O-O 6. Nc3 d5 7. O-O a6 8. Qe2 {D94: Grünfeld: 4 Nf3 Bg7 5 e3.} dxc4 (8... Bg4 $11) 9. Bxc4 $14 b5 10. Bd3 {[#] White is slightly better.} Qc7 $146 (10... Bg4 $11) ({Predecessor:} 10... Bb7 11. Rd1 Nbd7 12. b3 Rc8 13. Bb2 c5 14. dxc5 Rxc5 15. e4 Qc7 16. Rac1 Re8 {1-0 (30) Andersen,R (2100)-Holm,H Copenhagen 2010}) 11. Rd1 (11. e4 $16) 11... c5 12. dxc5 Qxc5 13. Bd2 Qa7 (13... Bg4 $11) 14. Rac1 (14. e4 $16) 14... Bb7 15. Nd4 Nc6 ({Black should try} 15... Nbd7 $11) 16. Nxc6 (16. Ncxb5 $1 $14 Qb6 17. Nxc6 Bxc6 18. Na3) 16... Bxc6 $11 17. Rc2 Rac8 (17... b4 $5 18. Nb1 $8 Qb7 $11) 18. Rdc1 Qb7 19. f3 Rfd8 {[#]} 20. e4 (20. a4 $1 $11 {[%mdl 512]}) 20... e5 (20... Qd7 $17 21. Nb1 Ne8) 21. Be3 h6 {[#]} (21... Qd7 $11 {keeps the balance.} 22. Rd1 Qe6) 22. b4 ({Better is} 22. a4 $1 $16 {[%mdl 512]}) 22... Qd7 23. Rd2 Qe7 24. a3 Nh5 25. Bc5 Qe6 (25... Qg5 $5 {[%cal Rh5f4]} 26. Qe1 Nf4 $11) 26. Bb1 Nf4 27. Qe3 Rxd2 28. Qxd2 h5 $2 {[#]} (28... Qb3 $11 {and Black stays safe.}) 29. Rd1 $2 (29. g3 $1 $18) 29... h4 {[%mdl 32768] Accuracy: White = 29%, Black = 44%. . Loss on time!?} (29... Qb3 $11 {remains equal.} 30. Nd5 Nxd5 31. exd5 Be8) 0-1

[Event "Stay Safe Play From Home"]
[Site "T#646156Emanuel Laske"]
[Date "2020.05.18"]
[Round "1"]
[White "Tavares"]
[Black "Panini-Peter"]
[Result "0-1"]
[WhiteElo "1678"]
[BlackElo "2057"]
[Annotator "TA"]
[PlyCount "72"]
[EventDate "2020.05.18"]
[EventType "swiss (blitz)"]

{[%evp 19,72,56,88,-186,-186,-186,-186,-190,-187,-181,-182,-222,-222,-220,-197,-210,-120,-162,-98,-202,-216,-220,-195,-248,-248,-311,-297,-383,-382,-657,-635,-660,-654,-631,-629,-611,-597,-570,-359,-446,-415,-1001,-997,-849,-578,-29988,-29989,-29991,-29992,-29993,-29993,-29993,-29986,-29986,-29987]} 1. e4 e6 2. d4 d5 3. e5 c5 4. c3 Nc6 5. Nf3 Qb6 6. Bd3 Bd7 7. O-O cxd4 8. cxd4 Nxd4 9. Nc3 Bb4 10. Nxd4 Qxd4 {[%mdl 64] [#] Double Attack} 11. Bb5 $2 {[%mdl 8192] [#] C02: French: Advance Variation.} (11. Nb5 $1 $16 {[%cal Rb5d4] stays on course.} Qxe5 12. Qg4) 11... Qxd1 $1 $19 ({Don't play} 11... Bxc3 12. Bxd7+ Kxd7 13. Qb3 $15) 12. Rxd1 Bxc3 $1 13. Bxd7+ {Black is clearly better.} Kxd7 14. bxc3 {[#]} Ne7 $146 ({Predecessor:} 14... Rc8 15. Rb1 b6 16. Bb2 Ne7 17. Rbc1 Rc4 18. g3 Rhc8 19. Rd4 Rxd4 20. cxd4 Rxc1+ 21. Bxc1 {0-1 (36) Werner,B (1955)-Perkmann,G (1764) Seefeld 2008}) 15. f4 Rac8 16. Be3 Rxc3 17. Bxa7 Rd8 (17... Ra8 $19 18. Bf2 Rc2) 18. Rdc1 Rdc8 (18... Rxc1+ $19 19. Rxc1 Ra8) 19. Rxc3 (19. Rcb1 $17 {is the only way for White.}) 19... Rxc3 $17 {[%mdl 4096] Endgame KRB-KRN} 20. g3 Nf5 21. Bf2 (21. Rb1 $142) 21... Kc6 $19 22. Rb1 b5 {[%cal Bb7b5,Bb5a4][%mdl 32]} 23. Be1 Rc2 24. a4 $2 (24. Bf2) 24... bxa4 25. Ra1 Kb5 26. Rb1+ Kc4 27. Rb4+ Kd3 28. Rxa4 Nd4 {White must now prevent ...Nf3+.} 29. Ra3+ Ke4 30. Ra1 (30. Ra4 $142 Rc4 31. Ra2) 30... Nf3+ 31. Kf1 Rxh2 32. Bf2 Rh1+ {Black mates.} 33. Ke2 Rxa1 34. g4 Ra2+ 35. Kf1 {[#]} Rxf2+ $1 36. Kxf2 Kxf4 {Accuracy: White = 26%, Black = 56%.} 0-1

[Event "Stay Safe Play From Home"]
[Site "T#646156Emanuel Laske"]
[Date "2020.05.18"]
[Round "1"]
[White "Trotsky"]
[Black "Lazieri3"]
[Result "0-1"]
[WhiteElo "1565"]
[BlackElo "2061"]
[Annotator "TA"]
[PlyCount "50"]
[EventDate "2020.05.18"]
[EventType "swiss (blitz)"]

{[%evp 9,50,32,54,-20,-22,-47,-41,-39,-2,-59,-6,-66,-35,-82,136,-2,78,-47,0,0,181,0,106,111,131,15,41,-47,31,7,9,0,9,-556,89,-40,409,-33,692,654,982,-928,-928]} 1. d4 c6 2. e3 d5 3. c4 Nf6 4. Nc3 Bg4 5. f3 Bf5 6. c5 {D10: Slav Defence: 3 cxd5 (without early Nf3) and 3 Nc3.} (6. g4 $14 Bc8 7. g5) 6... e6 $11 7. Bd3 Bxd3 8. Qxd3 {[#] Black is slightly better.} Nbd7 $146 ({Predecessor:} 8... Qa5 9. Bd2 Na6 10. Nxd5 Qd8 11. Nb4 Nd5 12. Nxa6 bxa6 13. Qxa6 Qc7 14. Ne2 Be7 {1-0 (32) Fajardo Benitez,J-Hernandez Fleitas,A Costa Teguise 2014}) 9. Bd2 (9. b4 $11) 9... g6 (9... b6 $1 $15) 10. h4 (10. b4 $11) 10... h5 11. O-O-O Qa5 $2 {[#]} (11... b6 $17 {stays on course.}) 12. Kb1 ({Only move:} 12. Nxd5 $1 $16 {[%mdl 512]} Qd8 (12... cxd5 13. Bxa5) 13. Nxf6+ Nxf6 14. Qb3) 12... Qa6 (12... Qc7 $11) 13. Qc2 (13. Qxa6 $16 bxa6 14. Nh3) 13... e5 14. Nh3 O-O-O $2 (14... Bg7 $11 {and Black stays safe.}) 15. Rc1 $2 (15. Ng5 $18 Re8 16. Nxf7) 15... exd4 (15... Bg7 $11 {keeps the balance.}) 16. exd4 $16 Bg7 17. Nf4 (17. Ng5 $16) 17... Rhe8 18. Qb3 (18. Qd1 $14) 18... Kb8 ({Better is} 18... Ng8 $15) 19. Rc2 Ka8 20. Rhc1 Re7 21. Nd3 $2 {[%mdl 8192]} (21. Nd1 $11) 21... Rde8 $2 ({Black should try} 21... Qxd3 $19 22. Rd1 Qxd4) 22. Nb4 (22. Na4 $1 $16) 22... Qa5 $2 {[%mdl 8192] [#]} (22... Qc4 $15 {stays ahead.} 23. Qxc4 dxc4) 23. Na4 $2 (23. Ncxd5 $1 $18 {[%mdl 512]} cxd5 24. Nxd5) 23... Re2 $2 {[%mdl 8192] [#]} (23... Qc7 $15) 24. Nxc6 $1 $18 {[%mdl 512]} Qxd2 (24... bxc6 25. Bxa5) 25. Qxb7+ $4 {[%mdl 8192]} (25. Rxd2 $18 bxc6 {[#]} 26. Nb6+ $1 {[%mdl 512]} axb6 27. cxb6 $1 {[%mdl 512]}) 25... Kxb7 {Accuracy: White = 13%, Black = 24%.} 0-1

[Event "Stay Safe Play From Home"]
[Site "T#646156Emanuel Laske"]
[Date "2020.05.18"]
[Round "2"]
[White "Little champs"]
[Black "Don59as"]
[Result "1-0"]
[WhiteElo "2173"]
[BlackElo "2049"]
[Annotator "NA RC"]
[PlyCount "67"]
[EventDate "2020.05.18"]
[EventType "swiss (blitz)"]

1. d4 {[%emt 0:00:03]} d5 {[%emt 0:00:01]} 2. Nf3 {[%emt 0:00:01]} e6 {[%emt 0:00:00]} 3. g3 {[%emt 0:00:00]} g6 {[%emt 0:00:01]} 4. Bg2 {[%emt 0:00:00]} Bg7 {[%emt 0:00:00]} 5. O-O {[%emt 0:00:00]} Ne7 {[%emt 0:00:01]} 6. c4 {[%emt 0:00:00]} O-O {[%emt 0:00:01]} 7. Nc3 {[%emt 0:00:00]} c6 {[%emt 0:00:01]} 8. e4 {[%emt 0:00:01]} b6 {[%emt 0:00:01]} 9. exd5 {[%emt 0:00:01]} cxd5 {[%emt 0:00:00]} 10. Ne5 {[%emt 0:00:01]} Bb7 {[%emt 0:00:01]} 11. Re1 {[%emt 0:00:01]} Nd7 {[%emt 0:00:01]} 12. Bf4 {[%emt 0:00:01]} Nxe5 {[%emt 0:00:01]} 13. Bxe5 {[%emt 0:00:01]} Bxe5 {[%emt 0:00:02]} 14. dxe5 {[%emt 0:00:01]} Rb8 {[%emt 0:00:03]} 15. Rc1 {[%emt 0:00:01]} dxc4 {[%emt 0:00:02]} 16. Qe2 {[%emt 0:00:01]} Bxg2 {[%emt 0:00:01]} 17. Kxg2 {[%emt 0:00:01]} b5 {[%emt 0:00:01]} 18. Ne4 {[%emt 0:00:01]} Nf5 {[%emt 0:00:02]} 19. Nf6+ {[%emt 0:00:01]} Kg7 {[%emt 0:00:02]} 20. Rcd1 {[%emt 0:00:00]} Qb6 {[%emt 0:00:02]} 21. g4 {[%emt 0:00:03]} Ne7 {[%emt 0:00:03]} 22. h4 {[%emt 0:00:02]} Nd5 {[%emt 0:00:01]} 23. Nxd5 {[%emt 0:00:02]} exd5 {[%emt 0:00:01]} 24. Rxd5 {[%emt 0:00:00]} Rfe8 {[%emt 0:00:01]} 25. f4 {[%emt 0:00:02]} Re6 {[%emt 0:00:01]} 26. f5 {[%emt 0:00:02]} Qc6 {[%emt 0:00:03]} 27. Qe4 {[%emt 0:00:04]} Ree8 {[%emt 0:00:03]} 28. f6+ {[%emt 0:00:01]} Kh8 {[%emt 0:00:01]} 29. Red1 {[%emt 0:00:02]} Rbd8 {[%emt 0:00:03]} 30. Kf3 {[%emt 0:00:01]} h6 {[%emt 0:00:03]} 31. Qf4 {[%emt 0:00:03]} Kh7 {[%emt 0:00:03]} 32. Qe4 {[%emt 0:00:01]} Rxd5 {[%emt 0:00:02]} 33. Qxd5 {[%emt 0:00:01]} Qb6 {[%emt 0:00:01]} 34. Qxf7+ {[%emt 0:00:02] Don59as resigns (Lag: Av=0.72s, max=2.0s)} 1-0

[Event "Stay Safe Play From Home"]
[Site "T#646156Emanuel Laske"]
[Date "2020.05.18"]
[Round "2"]
[White "SoulofWolf"]
[Black "Lucknow"]
[Result "1-0"]
[WhiteElo "2162"]
[BlackElo "1833"]
[Annotator "TA"]
[PlyCount "63"]
[EventDate "2020.05.18"]
[EventType "swiss (blitz)"]

{[%evp 9,63,13,12,-47,14,-24,3,-11,-4,-28,-19,-29,13,12,18,-110,-5,-15,-16,-94,-79,-84,36,0,0,-3,0,-7,0,-4,0,-9,0,-18,-7,-40,-40,-79,0,0,38,-49,-102,-153,-139,-162,-141,-135,-111,-116,-22,-22,-22,-22,44,44]} 1. e4 c5 2. Nc3 d6 3. f4 e6 4. Nf3 Nf6 5. Bb5+ Bd7 6. O-O {B23: Closed Sicilian: Lines without g3.} (6. Bxd7+ $11 Qxd7 7. d3) 6... Be7 {[#]} ({Better is} 6... Bxb5 $15 7. Nxb5 Nxe4) 7. Re1 $146 ({Predecessor:} 7. d3 Nc6 8. Kh1 O-O 9. e5 Ne8 10. Be3 d5 11. Bxc6 Bxc6 12. d4 c4 13. Ne2 a6 14. g4 Nc7 15. f5 Bd7 16. f6 gxf6 17. Bh6 Re8 18. exf6 Bxf6 19. Ne5 {1-0 (19) Kukucka,M (2086)-Jurik,K (1948) Slovakia 2014}) 7... O-O 8. a4 {The position is equal.} Nc6 9. e5 Nd5 10. d3 Nd4 11. Nxd4 cxd4 12. Ne2 (12. Nxd5 $11 exd5 13. Bxd7 Qxd7 14. c3) 12... Bc6 (12... Bxb5 $17 13. axb5 Qb6) 13. Nxd4 dxe5 14. fxe5 {[#]} (14. Bxc6 $11 {keeps the balance.} bxc6 15. fxe5) 14... Bc5 $1 $17 {[%cal Rc5d4]} 15. c3 Ne7 (15... Bxd4+ $17 16. cxd4 Bxb5 17. axb5 Qb6) 16. Qg4 Nf5 17. Be3 Nxe3 18. Rxe3 Bxb5 19. axb5 a6 20. bxa6 Rxa6 21. Rxa6 bxa6 22. Rg3 {[%csl Gg3][%cal Rg4g7] [#]} g6 23. h4 f5 (23... Qb6 $17 24. Kh2 Bxd4 25. cxd4 Rd8) 24. exf6 Qxf6 {aiming for ...e5.} 25. Kh2 (25. Rf3 $14 Qe5 26. Rxf8+ Kxf8 27. Kf1) 25... Bd6 $15 26. Kh3 (26. Nxe6 $142 Bxg3+ 27. Kxg3 Qe5+ 28. Nf4) 26... Bxg3 $17 27. Qxg3 {KQR-KQN} e5 28. Nf3 Qf5+ 29. Kh2 Qf4 ({Black should play} 29... Qxd3 $17 {Hoping for ...e4.} 30. Qxe5 Qd7) 30. Nxe5 $11 Qxg3+ 31. Kxg3 Rb8 (31... a5 $11) 32. b4 {Accuracy: White = 49%, Black = 56%.} 1-0